Las empresas manufactureras mexicanas en los ochenta.

Analýza vývoja mexického strojárskeho priemyslu v 80. rokoch - dôsledky krízy zo zahraničnej zadlženosti - výroba, zamestnanosť, mzdy, vývozy. Základné faktory umožňujúce prekonať túto krízu veľkým strojárskym podnikom a problematika malých podnikov v tejto súvislosti.

Na minha lista:
Detalhes bibliográficos
Autor principal: Álvarez Uriarte, M.
Formato: Capítulo de Livro
Idioma:espanhol
Assuntos:
Tags: Adicionar Tag
Sem tags, seja o primeiro a adicionar uma tag!

MARC

LEADER 00000naa a2200000 4500
001 r005609
005 20221130102734.5
041 0 |a spa 
044 |a MX 
245 1 0 |a Las empresas manufactureras mexicanas en los ochenta.  |c M. Álvarez Uriarte 
520 |a Analýza vývoja mexického strojárskeho priemyslu v 80. rokoch - dôsledky krízy zo zahraničnej zadlženosti - výroba, zamestnanosť, mzdy, vývozy. Základné faktory umožňujúce prekonať túto krízu veľkým strojárskym podnikom a problematika malých podnikov v tejto súvislosti. 
610 2 0 |a priemysel strojársky 
610 2 0 |a Mexiko 
610 2 0 |a analýza ekonomická 
610 2 0 |a 1981-1990 
610 2 0 |a zadlženosť zahraničná 
610 2 0 |a kríza 
610 2 0 |a zamestnanosť 
610 2 0 |a údaje štatistické 
610 2 0 |a podnik strojársky 
100 1 |a Álvarez Uriarte, M.